Responses for Show #6283 - Wednesday, January 4, 2012

Dave Leach game 5.

Contestants

[<< previous game]

Jaldhar Vyas, a software developer and Hindu priest from Jersey City, New Jersey

Nicholas Campiz, a graduate student in geography from Gainesville, Florida (whose 1-day cash winnings total $12,200)

Dave Leach, a software analyst from Atlanta, Georgia (whose 4-day cash winnings total $60,884)

[next game >>]

Jeopardy! Round responses

OLD KING COAL
SCRIPT DOCTORS
NAMETH THE BIBLE BOOK
ODDITIES
THE MAIN ALCOHOLIC INGREDIENT
BEASTLY EXPRESSIONS
    $200 6
Marco Polo

Dave
    $200 21
Doctor Zhivago

Jaldhar
    $200 26
(Jaldhar: What is Genesis?)

Exodus

DaveJaldhar
    $200 16
Operation

Dave
    $200 11
vodka

Dave
    $200 1
the camel

Dave
    $400 7
a lantern (or lamp)

Dave
    $400 22
Doctor Octopus

Jaldhar
    $400 27
Revelation

Dave
    $400 17
wine

Jaldhar
    $400 12
whiskey

Dave
    $400 2
fish

Jaldhar
    $600 8
London

Jaldhar
    $600 23
Dr. Strangelove

Dave
    $600 28
Kings

Jaldhar
    $600 18
Playboy

Dave
    $600 13
(Jaldhar: What is vermouth?)

gin

DaveJaldhar
    $600 3
a hen

Dave
    $800 9
the Industrial Revolution

Jaldhar
    $800 24
Dr. Frankenstein

Triple Stumper
    $2,600 29
(Jaldhar: I'm gonna regret this, but let's make it a True Daily Double.)
(Alex: Why will you regret it?)
(Jaldhar: I--because I have no idea what the category is about.)
(Alex: Well, then, I'll read the clue for you and then you'll have some idea.)

Job

Jaldhar
    $800 19
the Sphinx (the Great Sphinx of Giza)

Dave
    $800 14
rum

Triple Stumper
    $800 4
(Nicholas: What is a bird?)
[Originally ruled incorrect; reversed after the first break.]

a horse

DaveNicholas
    $1000 10
pueblos

Nicholas
    $1000 25
(Jaldhar: Who is Doctor Strange?)

Doctor Doom

Jaldhar
Triple Stumper
    $1000 30
Proverbs

Dave
    $1000 20
(Alex: The name was Nguyen ["WIN"], or Nguyen ["NOO-yen"], and the country was [*].)

Vietnam

Triple Stumper
    $1000 15
scotch

Triple Stumper
    $1000 5
a calf

Jaldhar

Scores at the first commercial break (after clue 15):

Dave Nicholas Jaldhar
$3,400 $1,800 $2,200

Scores at the end of the Jeopardy! Round:

Dave Nicholas Jaldhar
$7,200 $1,800 $5,200

Double Jeopardy! Round responses

GREAT ARTS
19th CENTURY CONGRESSMEN
"G-P-S"
(Alex: Those three letters in that order will appear in each correct response.)
ISLANDS IN THE STREAM, SEA OR OCEAN
COLLECTIONS
PULL A MUSCLE
(Alex: A muscle is a word that will appear in the text of each clue. You have to find the muscle.)
    $400 4
(Art) Garfunkel

Dave
    $400 25
(Daniel) Webster

Dave
    $400 2
growing pains

Jaldhar
    $400 1
(Dave: What is the ocean?)
(Alex: Be more specific.)
(Dave: Oh! What is [*]?)
(Alex: Thank you.)

the Pacific Ocean

Dave
    $400 13
(Dave: [Laughs] What are [*]?)
(Alex: Yes. Why does that make you laugh?)
(Dave: I can't ima--)

leeches

Dave
    $400 19
abs (in self-absorbed)

Jaldhar
    $800 9
(Art) Carney

Dave
    $800 26
(Stephen) Douglas

Dave
    $800 3
gaucho pants

Jaldhar
    $800 8
the Mediterranean Sea

Jaldhar
    $800 14
Leno

Dave
    $800 22
cardiac (in card I acted)

Dave
    $1200 10
Artie Shaw

Triple Stumper
    $2,000 27
(Dave: Who is Van Buren?)
(Alex: No. Who is [*], who went back to Congress.)
[The end-of-round signal sounds.]

John Quincy Adams

Dave
    $3,500 5
goose bumps (goose pimples accepted)

Dave
    $1200 18
the Indian Ocean

Dave
    $1200 15
toasters

Dave
    $1200 23
hamstring (in Gotham stringbean)

Dave
    $1600 11
(Art) Monk

Nicholas
    $1600 6
(Jaldhar: What is a compass?)

a gyrocompass

Jaldhar
Triple Stumper
    $1600 20
the Baltic Sea

Nicholas
    $1600 16
manuscripts

Jaldhar
    $1600 24
(Alex: Less than a minute now, Dave.)

the deltoid (in model to identify)

Triple Stumper
    $2000 12
(Art) Clokey

Dave
    $2000 7
geophysics

Nicholas
    $2000 21
(Nicholas: What is Lake Erie?)
(Jaldhar: What is the St. Lawrence River?)

the Niagara River

NicholasJaldhar
Triple Stumper
    $2000 17
Forrest Ackerman

Triple Stumper

Scores at the end of the Double Jeopardy! Round:

Dave Nicholas Jaldhar
$19,100 $5,000 $5,600
(lock game)

[wagering suggestions for these scores]

Final Jeopardy! Round responses

1930s NOVELS
(Alex: The author was blacklisted by the House Un-American Activities Committee because he refused to testify against Communists--fellow Communists at that time.)
...
(Alex: Dalton Trumbo's novel was called [*], and it was made into a motion picture also.)
NicholasWhat is All Is Quiet on the Western Fron
$1,000
JaldharWhat is All quiet on the Western front front
$4,400
DaveWhat is All Quiet on the Western Front?
$1,930
Johnny Got His Gun

Final scores:

Dave Nicholas Jaldhar
$17,170 $4,000 $1,200
5-day champion: $78,054 2nd place: $2,000 3rd place: $1,000

Game dynamics:

Coryat scores:

Dave Nicholas Jaldhar
$18,800 $5,000 $3,800
28 R
(including 1 DD),
1 W
(including 1 DD)
5 R,
1 W
14 R
(including 1 DD),
5 W

Combined Coryat: $27,600

[game clues] [game scores] [suggest correction]

Game tape date: 2011-11-02
The J! Archive is created by fans, for fans. Scraping, republication, monetization, and malicious use prohibited; this site may use cookies and collect identifying information. See terms. The Jeopardy! game show and all elements thereof, including but not limited to copyright and trademark thereto, are the property of Jeopardy Productions, Inc. and are protected under law. This website is not affiliated with, sponsored by, or operated by Jeopardy Productions, Inc. Join the discussion at JBoard.tv.